A TEXT BOOK OF ENGINEERING MECHANICS (Record no. 29153)

000 -LEADER
fixed length control field 00437nam a2200181Ia 4500
003 - CONTROL NUMBER IDENTIFIER
control field OSt
005 - DATE AND TIME OF LATEST TRANSACTION
control field 20260430113105.0
008 - FIXED-LENGTH DATA ELEMENTS--GENERAL INFORMATION
fixed length control field 200615s9999||||xx |||||||||||||| ||und||
020 ## - INTERNATIONAL STANDARD BOOK NUMBER
International Standard Book Number 9788131808559
040 ## - CATALOGING SOURCE
Transcribing agency MUIT LUCKNOW
082 ## - DEWEY DECIMAL CLASSIFICATION NUMBER
Classification number 620
Item number ENG-D
100 ## - MAIN ENTRY--PERSONAL NAME
Personal name DR R.K.BANSAL
245 #0 - TITLE STATEMENT
Title A TEXT BOOK OF ENGINEERING MECHANICS
250 ## - EDITION STATEMENT
Edition statement 1ST
260 ## - PUBLICATION, DISTRIBUTION, ETC.
Place of publication, distribution, etc. new delhi
Name of publisher, distributor, etc. LAXMI PUBLICATION
Date of publication, distribution, etc. 2016
300 ## - PHYSICAL DESCRIPTION
Extent 605
942 ## - ADDED ENTRY ELEMENTS (KOHA)
Koha item type Book
Source of classification or shelving scheme
Holdings
Withdrawn status Lost status Damaged status Not for loan Collection code Permanent Location Current Location Shelving location Date acquired Total Checkouts Full call number Barcode Date last seen Price effective from Koha item type
        School of Engineering Maharishi School of Engineering & Technology (Lucknow) Maharishi School of Engineering & Technology (Lucknow) R24S4 2020-06-15   620 SOE02997 2020-06-15 2020-06-15 Book

All Rights Reserved@MUIT

Powered by Koha